[Event "ODJM C 2024"]
[Site "Willingen GER"]
[Date "2024.05.22"]
[Round "6"]
[White "Lang, Samuel"]
[Black "Classen, Marnin"]
[Result "1/2-1/2"]
[Termination "normal"]
[Board "4"]
[WhiteElo "1268"]
[BlackElo "1654"]
[WhiteClock "00:15:41"]
[BlackClock "00:48:19"]
[PlyCount "91"]
[WhiteFideId "34660526"]
[BlackFideId "34623833"]
[EventCountry "GER"]
[EventRounds "9"]
[EventType "swiss"]
[EventDate "2024.05.18"]

1. d4 {[%clk 01:30:58]} {[%emt 00:00:02]} Nf6 {[%clk 01:30:54]} {[%emt
00:00:07]} 2. c4 {[%clk 01:31:23]} {[%emt 00:00:05]} d5 {[%clk 01:31:14]}
{[%emt 00:00:10]} 3. Nc3 {[%clk 01:31:35]} {[%emt 00:00:18]} e6 {[%clk
01:31:35]} {[%emt 00:00:09]} 4. Bg5 {[%clk 01:31:54]} {[%emt 00:00:10]} Bb4
{[%clk 01:31:59]} {[%emt 00:00:06]} 5. Nf3 {[%clk 01:32:18]} {[%emt 00:00:06]}
O-O {[%clk 01:32:17]} {[%emt 00:00:12]} 6. e3 {[%clk 01:32:40]} {[%emt
00:00:09]} Nbd7 {[%clk 01:32:20]} {[%emt 00:00:26]} 7. Bd3 {[%clk 01:32:52]}
{[%emt 00:00:18]} c6 {[%clk 01:32:32]} {[%emt 00:00:19]} 8. O-O {[%clk
01:33:10]} {[%emt 00:00:12]} Qa5 {[%clk 01:32:50]} {[%emt 00:00:12]} 9. Qc2
{[%clk 01:33:00]} {[%emt 00:00:40]} Qc7 {[%clk 01:32:22]} {[%emt 00:00:58]} 10.
a3 {[%clk 01:31:00]} {[%emt 00:02:30]} Bd6 {[%clk 01:31:53]} {[%emt 00:00:59]}
11. c5 {[%clk 01:29:45]} {[%emt 00:01:45]} Be7 {[%clk 01:31:29]} {[%emt
00:00:54]} 12. Bxh7+ {[%clk 01:28:15]} {[%emt 00:02:00]} Nxh7 {[%clk 01:30:57]}
{[%emt 00:01:01]} 13. Bxe7 {[%clk 01:28:37]} {[%emt 00:00:08]} Re8 {[%clk
01:31:19]} {[%emt 00:00:08]} 14. Bd6 {[%clk 01:28:51]} {[%emt 00:00:16]} Qd8
{[%clk 01:31:39]} {[%emt 00:00:11]} 15. b4 {[%clk 01:27:57]} {[%emt 00:01:23]}
b6 {[%clk 01:31:35]} {[%emt 00:00:35]} 16. b5 {[%clk 01:25:24]} {[%emt
00:03:03]} Bb7 {[%clk 01:31:11]} {[%emt 00:00:53]} 17. a4 {[%clk 01:22:06]}
{[%emt 00:03:49]} Ng5 {[%clk 01:28:31]} {[%emt 00:03:10]} 18. Nxg5 {[%clk
01:20:03]} {[%emt 00:02:32]} Qxg5 {[%clk 01:28:02]} {[%emt 00:00:58]} 19. bxc6
{[%clk 01:20:15]} {[%emt 00:00:19]} Bxc6 {[%clk 01:28:11]} {[%emt 00:00:21]}
20. Nb5 {[%clk 01:20:38]} {[%emt 00:00:07]} Rec8 {[%clk 01:27:08]} {[%emt
00:01:32]} 21. Rfc1 {[%clk 01:09:53]} {[%emt 00:11:17]} bxc5 {[%clk 01:25:48]}
{[%emt 00:01:49]} 22. dxc5 {[%clk 01:07:57]} {[%emt 00:02:26]} d4 {[%clk
01:22:09]} {[%emt 00:04:10]} 23. f4 {[%clk 01:02:50]} {[%emt 00:05:37]} Qf6
{[%clk 01:19:22]} {[%emt 00:03:17]} 24. Nxd4 {[%clk 00:59:43]} {[%emt
00:03:36]} Bd5 {[%clk 01:18:20]} {[%emt 00:01:32]} 25. c6 {[%clk 00:54:09]}
{[%emt 00:06:04]} e5 {[%clk 01:16:21]} {[%emt 00:02:29]} 26. fxe5 {[%clk
00:51:24]} {[%emt 00:03:16]} Nxe5 {[%clk 01:15:21]} {[%emt 00:01:30]} 27. Qc5
{[%clk 00:42:15]} {[%emt 00:09:38]} Nc4 {[%clk 01:07:07]} {[%emt 00:08:44]} 28.
Qxd5 {[%clk 00:40:50]} {[%emt 00:01:55]} Nxd6 {[%clk 01:06:25]} {[%emt
00:01:13]} 29. Nb5 {[%clk 00:37:37]} {[%emt 00:03:42]} Nf5 {[%clk 01:05:58]}
{[%emt 00:00:58]} 30. Qf3 {[%clk 00:35:30]} {[%emt 00:02:35]} Qe5 {[%clk
01:05:04]} {[%emt 00:01:24]} 31. Rab1 {[%clk 00:32:44]} {[%emt 00:03:17]} a6
{[%clk 01:02:28]} {[%emt 00:03:07]} 32. Na3 {[%clk 00:32:01]} {[%emt 00:01:13]}
Qxe3+ {[%clk 01:01:26]} {[%emt 00:01:31]} 33. Qxe3 {[%clk 00:32:22]} {[%emt
00:00:09]} Nxe3 {[%clk 01:01:50]} {[%emt 00:00:06]} 34. Rb3 {[%clk 00:28:21]}
{[%emt 00:04:31]} Nd5 {[%clk 01:02:04]} {[%emt 00:00:16]} 35. Nb1 {[%clk
00:25:07]} {[%emt 00:03:44]} Rc7 {[%clk 01:00:28]} {[%emt 00:02:07]} 36. Rd1
{[%clk 00:18:20]} {[%emt 00:07:17]} Ne7 {[%clk 00:51:44]} {[%emt 00:09:12]} 37.
Rd7 {[%clk 00:16:35]} {[%emt 00:02:15]} Rxd7 {[%clk 00:50:10]} {[%emt
00:02:06]} 38. cxd7 {[%emt 00:00:37]} Rd8 {[%clk 00:50:08]} 39. Rd3 {[%clk
00:16:46]} {[%emt 00:00:43]} Ng6 {[%clk 00:49:02]} {[%emt 00:01:36]} 40. Rd6
{[%clk 00:16:51]} {[%emt 00:00:25]} Ne5 {[%clk 00:48:49]} {[%emt 00:00:44]} 41.
Rxa6 {[%clk 00:16:43]} {[%emt 00:00:36]} Rxd7 {[%clk 00:49:13]} {[%emt
00:00:07]} 42. Nc3 {[%clk 00:16:55]} {[%emt 00:00:17]} Rd3 {[%clk 00:49:31]}
{[%emt 00:00:13]} 43. Nb5 {[%clk 00:16:47]} {[%emt 00:00:38]} Ng4 {[%clk
00:48:56]} {[%emt 00:01:05]} 44. Kf1 {[%clk 00:16:19]} {[%emt 00:00:59]} Rd2
{[%clk 00:48:50]} {[%emt 00:00:35]} 45. h3 {[%clk 00:15:39]} {[%emt 00:01:09]}
Ne3+ {[%clk 00:48:19]} {[%emt 00:01:01]} 46. Ke1 {[%clk 00:15:41]} {[%emt
00:00:28]} 1/2-1/2

[Event "ODJM C 2024"]
[Site "Willingen GER"]
[Date "2024.05.22"]
[Round "6"]
[White "Hellmann, Alexander"]
[Black "Trenkelbach, Silas"]
[Result "1/2-1/2"]
[Termination "normal"]
[Board "5"]
[WhiteElo "1524"]
[BlackElo "1265"]
[WhiteClock "00:52:44"]
[BlackClock "00:57:30"]
[PlyCount "40"]
[WhiteFideId "34612050"]
[BlackFideId "34621237"]
[EventCountry "GER"]
[EventRounds "9"]
[EventType "swiss"]
[EventDate "2024.05.18"]

1. e4 {[%clk 01:30:54]} {[%emt 00:00:05]} c5 {[%clk 01:30:55]} {[%emt
00:00:06]} 2. c3 {[%clk 01:31:01]} {[%emt 00:00:23]} Nf6 {[%clk 01:27:51]}
{[%emt 00:03:34]} 3. d3 {[%clk 01:27:40]} {[%emt 00:03:51]} e6 {[%clk
01:26:17]} {[%emt 00:02:05]} 4. Bg5 {[%clk 01:25:46]} {[%emt 00:02:24]} Be7
{[%clk 01:25:12]} {[%emt 00:01:35]} 5. Nf3 {[%clk 01:23:12]} {[%emt 00:03:03]}
Nc6 {[%clk 01:24:19]} {[%emt 00:01:23]} 6. Be2 {[%clk 01:22:05]} {[%emt
00:01:37]} Qc7 {[%clk 01:24:15]} {[%emt 00:00:34]} 7. Nbd2 {[%clk 01:18:46]}
{[%emt 00:03:49]} h6 {[%clk 01:21:49]} {[%emt 00:02:57]} 8. Bh4 {[%clk
01:18:20]} {[%emt 00:00:55]} b6 {[%clk 01:19:00]} {[%emt 00:03:20]} 9. Bg3
{[%clk 01:14:44]} {[%emt 00:04:05]} d6 {[%clk 01:17:45]} {[%emt 00:01:46]} 10.
Qc2 {[%clk 01:13:19]} {[%emt 00:01:55]} Qd7 {[%clk 01:13:01]} {[%emt 00:05:12]}
11. e5 {[%clk 01:01:03]} {[%emt 00:12:47]} dxe5 {[%clk 01:04:43]} {[%emt
00:08:49]} 12. Nxe5 {[%clk 01:00:50]} {[%emt 00:00:43]} Nxe5 {[%clk 01:05:05]}
{[%emt 00:00:07]} 13. Bxe5 {[%clk 01:01:12]} {[%emt 00:00:08]} Qd5 {[%clk
01:03:38]} {[%emt 00:01:57]} 14. Bg3 {[%clk 00:58:09]} {[%emt 00:03:33]} Bb7
{[%clk 01:01:12]} {[%emt 00:02:57]} 15. Bf3 {[%clk 00:56:57]} {[%emt 00:01:42]}
Qd7 {[%clk 01:01:15]} {[%emt 00:00:26]} 16. O-O {[%clk 00:54:40]} {[%emt
00:02:47]} Rd8 {[%clk 01:00:41]} {[%emt 00:01:03]} 17. Be2 {[%clk 00:52:53]}
{[%emt 00:02:19]} Qc6 {[%clk 00:57:35]} {[%emt 00:03:35]} 18. Bf3 {[%clk
00:51:59]} {[%emt 00:01:24]} Qd7 {[%clk 00:57:33]} {[%emt 00:00:32]} 19. Be2
{[%clk 00:52:19]} {[%emt 00:00:10]} Qc6 {[%clk 00:57:20]} {[%emt 00:00:42]} 20.
Bf3 {[%clk 00:52:44]} {[%emt 00:00:06]} Qd7 {[%clk 00:57:30]} {[%emt 00:00:19]}
1/2-1/2

[Event "ODJM C 2024"]
[Site "Willingen GER"]
[Date "2024.05.22"]
[Round "6"]
[White "Betz, Niclas"]
[Black "Moissl, Felix"]
[Result "0-1"]
[Termination "normal"]
[Board "6"]
[WhiteElo "1658"]
[BlackElo "1600"]
[WhiteClock "01:27:15"]
[BlackClock "01:13:25"]
[PlyCount "46"]
[WhiteFideId "34616748"]
[BlackFideId "34623574"]
[EventCountry "GER"]
[EventRounds "9"]
[EventType "swiss"]
[EventDate "2024.05.18"]

1. e4 {[%clk 01:30:58]} {[%emt 00:00:01]} e5 {[%clk 01:30:55]} {[%emt
00:00:05]} 2. Nf3 {[%clk 01:31:24]} {[%emt 00:00:04]} Nc6 {[%clk 01:31:21]}
{[%emt 00:00:04]} 3. Bc4 {[%clk 01:31:43]} {[%emt 00:00:11]} Bc5 {[%clk
01:31:27]} {[%emt 00:00:24]} 4. Nc3 {[%clk 01:32:04]} {[%emt 00:00:09]} Nf6
{[%clk 01:31:16]} {[%emt 00:00:41]} 5. d3 {[%clk 01:32:29]} {[%emt 00:00:06]}
h6 {[%clk 01:31:10]} {[%emt 00:00:35]} 6. Be3 {[%clk 01:32:54]} {[%emt
00:00:05]} Bb6 {[%clk 01:31:13]} {[%emt 00:00:27]} 7. O-O {[%clk 01:33:16]}
{[%emt 00:00:08]} O-O {[%clk 01:31:30]} {[%emt 00:00:13]} 8. Nh4 {[%clk
01:33:14]} {[%emt 00:00:32]} Nxe4 {[%clk 01:24:50]} {[%emt 00:07:10]} 9. Ng6
{[%clk 01:32:02]} {[%emt 00:01:42]} Nxc3 {[%clk 01:23:44]} {[%emt 00:01:36]}
10. bxc3 {[%clk 01:32:23]} {[%emt 00:00:09]} d5 {[%emt 00:02:17]} 11. Nxf8
{[%clk 01:31:22]} {[%emt 00:00:03]} dxc4 {[%clk 01:23:36]} {[%emt 00:00:20]}
12. dxc4 {[%clk 01:30:50]} {[%emt 00:01:01]} Qxf8 {[%clk 01:23:25]} {[%emt
00:00:41]} 13. Qd5 {[%clk 01:30:36]} {[%emt 00:00:42]} Be6 {[%clk 01:21:47]}
{[%emt 00:02:10]} 14. Qb5 {[%clk 01:30:17]} {[%emt 00:00:49]} a6 {[%clk
01:19:06]} {[%emt 00:03:12]} 15. Qa4 {[%clk 01:29:18]} {[%emt 00:01:28]} Bxe3
{[%clk 01:18:40]} {[%emt 00:00:56]} 16. fxe3 {[%clk 01:29:36]} {[%emt
00:00:12]} Qc5 {[%clk 01:17:17]} {[%emt 00:01:52]} 17. Rfe1 {[%clk 01:29:00]}
{[%emt 00:01:06]} Bxc4 {[%clk 01:15:49]} {[%emt 00:01:59]} 18. Rab1 {[%clk
01:29:17]} {[%emt 00:00:14]} b5 {[%clk 01:15:55]} {[%emt 00:00:24]} 19. Rxb5
{[%clk 01:28:42]} {[%emt 00:01:05]} Bxb5 {[%clk 01:15:17]} {[%emt 00:01:06]}
20. Qb3 {[%clk 01:28:55]} {[%emt 00:00:16]} Rb8 {[%clk 01:13:05]} {[%emt
00:02:44]} 21. Qxb5 {[%clk 01:26:39]} {[%emt 00:02:46]} Rxb5 {[%clk 01:13:01]}
{[%emt 00:00:34]} 22. Rb1 {[%clk 01:26:57]} {[%emt 00:00:12]} Qxe3+ {[%clk
01:13:16]} {[%emt 00:00:15]} 23. Kh1 {[%clk 01:27:15]} {[%emt 00:00:12]} Rxb1#
{[%clk 01:13:25]} {[%emt 00:00:21]} 0-1

[Event "ODJM C 2024"]
[Site "Willingen GER"]
[Date "2024.05.22"]
[Round "6"]
[White "Luible, Sebastian"]
[Black "Kulgemeyer, Justus"]
[Result "0-1"]
[Termination "normal"]
[Board "7"]
[WhiteElo "1181"]
[BlackElo "1243"]
[WhiteClock "01:11:53"]
[BlackClock "01:18:04"]
[PlyCount "48"]
[WhiteFideId "533001944"]
[BlackFideId "34623671"]
[EventCountry "GER"]
[EventRounds "9"]
[EventType "swiss"]
[EventDate "2024.05.18"]

1. e4 {[%clk 01:30:59]} c5 {[%clk 01:30:57]} {[%emt 00:00:04]} 2. Nf3 {[%clk
01:31:21]} {[%emt 00:00:08]} e6 {[%clk 01:31:24]} {[%emt 00:00:04]} 3. d4
{[%clk 01:31:47]} {[%emt 00:00:04]} cxd4 {[%clk 01:31:50]} {[%emt 00:00:03]} 4.
Nxd4 {[%clk 01:32:12]} {[%emt 00:00:04]} Nc6 {[%clk 01:32:15]} {[%emt
00:00:06]} 5. Nb5 {[%clk 01:31:59]} {[%emt 00:00:43]} a6 {[%clk 01:31:38]}
{[%emt 00:01:07]} 6. Nd6+ {[%clk 01:32:01]} {[%emt 00:00:28]} Bxd6 {[%clk
01:31:43]} {[%emt 00:00:25]} 7. Qxd6 {[%clk 01:32:21]} {[%emt 00:00:09]} Nf6
{[%clk 01:31:22]} {[%emt 00:00:51]} 8. Bg5 {[%clk 01:31:59]} {[%emt 00:00:53]}
Nxe4 {[%clk 01:28:54]} {[%emt 00:02:58]} 9. Bxd8 {[%clk 01:30:18]} {[%emt
00:02:11]} Nxd6 {[%clk 01:29:15]} {[%emt 00:00:09]} 10. Bc7 {[%clk 01:30:07]}
{[%emt 00:00:41]} Nb5 {[%clk 01:29:25]} {[%emt 00:00:20]} 11. Bxb5 {[%clk
01:29:32]} {[%emt 00:01:05]} axb5 {[%clk 01:29:40]} {[%emt 00:00:16]} 12. O-O
{[%clk 01:29:07]} {[%emt 00:00:54]} O-O {[%clk 01:29:53]} {[%emt 00:00:16]} 13.
Nc3 {[%clk 01:26:06]} {[%emt 00:03:32]} b4 {[%clk 01:28:51]} {[%emt 00:01:33]}
14. Nb5 {[%clk 01:21:53]} {[%emt 00:04:42]} b6 {[%clk 01:26:29]} {[%emt
00:02:52]} 15. Rfd1 {[%clk 01:20:28]} {[%emt 00:01:54]} d5 {[%clk 01:24:47]}
{[%emt 00:02:13]} 16. Nd4 {[%clk 01:18:46]} {[%emt 00:02:11]} Nxd4 {[%clk
01:23:58]} {[%emt 00:01:19]} 17. Rxd4 {[%clk 01:19:12]} {[%emt 00:00:05]} Bb7
{[%clk 01:20:36]} {[%emt 00:03:52]} 18. Rxb4 {[%clk 01:18:31]} {[%emt
00:01:11]} Rac8 {[%clk 01:20:17]} {[%emt 00:00:49]} 19. Bxb6 {[%clk 01:17:44]}
{[%emt 00:01:17]} Rxc2 {[%clk 01:19:59]} {[%emt 00:00:48]} 20. Bd4 {[%clk
01:16:31]} {[%emt 00:01:41]} Ba6 {[%clk 01:19:24]} {[%emt 00:01:07]} 21. Bc3
{[%clk 01:13:22]} {[%emt 00:03:35]} Rc8 {[%clk 01:18:04]} {[%emt 00:01:53]} 22.
a4 {[%emt 00:01:53]} e5 {[%clk 01:18:11]} 23. Bxe5 {[%clk 01:11:44]} {[%emt
00:01:06]} Rc1+ {[%clk 01:17:39]} {[%emt 00:01:04]} 24. Rxc1 {[%clk 01:11:53]}
{[%emt 00:00:21]} Rxc1# {[%clk 01:18:04]} {[%emt 00:00:05]} 0-1

[Event "ODJM C 2024"]
[Site "Willingen GER"]
[Date "2024.05.22"]
[Round "6"]
[White "Fischer, John"]
[Black "Schmidt, Emelie"]
[Result "1-0"]
[Termination "normal"]
[Board "8"]
[WhiteElo "1614"]
[BlackElo "1171"]
[WhiteClock "00:57:43"]
[BlackClock "00:50:52"]
[PlyCount "87"]
[WhiteFideId "16268679"]
[BlackFideId "34682490"]
[EventCountry "GER"]
[EventRounds "9"]
[EventType "swiss"]
[EventDate "2024.05.18"]

1. d4 {[%clk 01:30:59]} d5 {[%clk 01:30:53]} {[%emt 00:00:07]} 2. Nc3 {[%clk
01:31:23]} {[%emt 00:00:06]} Nf6 {[%clk 01:31:15]} {[%emt 00:00:09]} 3. Bf4
{[%clk 01:31:36]} {[%emt 00:00:16]} g6 {[%clk 01:31:34]} {[%emt 00:00:11]} 4.
f3 {[%clk 01:31:27]} {[%emt 00:00:39]} Bg7 {[%clk 01:29:37]} {[%emt 00:02:27]}
5. Qd2 {[%clk 01:31:30]} {[%emt 00:00:27]} O-O {[%clk 01:28:31]} {[%emt
00:01:36]} 6. Bh6 {[%clk 01:29:11]} {[%emt 00:02:49]} b6 {[%clk 01:21:59]}
{[%emt 00:07:02]} 7. h4 {[%clk 01:28:09]} {[%emt 00:01:31]} Re8 {[%clk
01:20:30]} {[%emt 00:02:00]} 8. h5 {[%clk 01:28:28]} {[%emt 00:00:11]} Bh8
{[%clk 01:15:37]} {[%emt 00:05:23]} 9. hxg6 {[%clk 01:26:40]} {[%emt 00:02:19]}
fxg6 {[%clk 01:14:41]} {[%emt 00:01:26]} 10. O-O-O {[%clk 01:22:42]} {[%emt
00:04:27]} Be6 {[%clk 01:14:33]} {[%emt 00:00:39]} 11. e4 {[%clk 01:07:37]}
{[%emt 00:15:35]} c6 {[%clk 01:02:54]} {[%emt 00:12:09]} 12. e5 {[%clk
01:05:32]} {[%emt 00:02:35]} Nfd7 {[%clk 01:02:51]} {[%emt 00:00:32]} 13. Bd3
{[%clk 01:04:11]} {[%emt 00:01:51]} a6 {[%clk 01:02:17]} {[%emt 00:01:05]} 14.
Qg5 {[%clk 01:02:18]} {[%emt 00:02:21]} Nf8 {[%clk 01:01:32]} {[%emt 00:01:16]}
15. Bxf8 {[%clk 01:01:52]} {[%emt 00:00:56]} Rxf8 {[%clk 01:01:50]} {[%emt
00:00:12]} 16. Bxg6 {[%clk 01:02:11]} {[%emt 00:00:11]} hxg6 {[%clk 01:00:37]}
{[%emt 00:01:43]} 17. Qxg6+ {[%clk 01:02:28]} {[%emt 00:00:13]} Bg7 {[%clk
01:00:55]} {[%emt 00:00:12]} 18. Qxe6+ {[%clk 01:02:42]} {[%emt 00:00:15]} Rf7
{[%clk 01:01:06]} {[%emt 00:00:20]} 19. Qg6 {[%clk 01:01:52]} {[%emt 00:01:20]}
Nd7 {[%clk 01:00:36]} {[%emt 00:01:00]} 20. Rh8+ {[%clk 01:01:11]} {[%emt
00:01:11]} Kxh8 {[%clk 01:00:40]} {[%emt 00:00:26]} 21. Qxf7 {[%clk 01:01:36]}
{[%emt 00:00:05]} Qf8 {[%clk 00:59:45]} {[%emt 00:01:24]} 22. Qh5+ {[%emt
00:01:30]} Kg8 {[%clk 00:59:18]} {[%emt 00:00:37]} 23. Nge2 {[%clk 01:01:16]}
{[%emt 00:00:11]} Qf7 {[%clk 00:58:25]} {[%emt 00:01:22]} 24. Qg4 {[%clk
01:00:44]} {[%emt 00:01:02]} Nb8 {[%clk 00:57:34]} {[%emt 00:01:22]} 25. Qc8+
{[%clk 01:00:31]} {[%emt 00:00:43]} Qf8 {[%clk 00:57:19]} {[%emt 00:00:44]} 26.
Qb7 {[%clk 01:00:41]} {[%emt 00:00:21]} Nd7 {[%clk 00:56:36]} {[%emt 00:01:13]}
27. Qxd7 {[%clk 01:00:48]} {[%emt 00:00:22]} Bh6+ {[%clk 00:54:54]} {[%emt
00:02:13]} 28. Kb1 {[%clk 01:01:04]} {[%emt 00:00:14]} Qg7 {[%clk 00:53:48]}
{[%emt 00:01:36]} 29. Qxc6 {[%clk 01:00:53]} {[%emt 00:00:41]} Rb8 {[%clk
00:53:16]} {[%emt 00:01:02]} 30. Qxd5+ {[%clk 01:01:02]} {[%emt 00:00:21]} Kh8
{[%clk 00:53:28]} {[%emt 00:00:18]} 31. Rh1 {[%clk 01:00:44]} {[%emt 00:00:48]}
Kh7 {[%clk 00:52:27]} {[%emt 00:01:30]} 32. Qe6 {[%clk 01:00:04]} {[%emt
00:01:08]} Rb7 {[%clk 00:51:59]} {[%emt 00:01:01]} 33. Qf5+ {[%clk 00:58:41]}
{[%emt 00:01:53]} Qg6 {[%clk 00:50:49]} {[%emt 00:01:40]} 34. Qxg6+ {[%clk
00:59:03]} {[%emt 00:00:08]} Kxg6 {[%emt 00:00:15]} 35. f4 {[%clk 00:59:16]}
{[%emt 00:00:17]} e6 {[%clk 00:51:02]} {[%emt 00:00:33]} 36. g4 {[%clk
00:59:21]} {[%emt 00:00:24]} Rf7 {[%clk 00:50:47]} {[%emt 00:00:45]} 37. g5
{[%clk 00:59:07]} {[%emt 00:00:44]} Bg7 {[%clk 00:50:38]} {[%emt 00:00:39]} 38.
Ne4 {[%clk 00:58:52]} {[%emt 00:00:45]} Kf5 {[%clk 00:50:48]} {[%emt 00:00:20]}
39. Nf6 {[%clk 00:59:15]} {[%emt 00:00:07]} Rc7 {[%clk 00:50:14]} {[%emt
00:01:04]} 40. Ne8 {[%clk 00:57:54]} {[%emt 00:01:51]} Re7 {[%clk 00:50:02]}
{[%emt 00:00:41]} 41. Nxg7+ {[%clk 00:57:30]} {[%emt 00:00:55]} Rxg7 {[%clk
00:50:25]} {[%emt 00:00:07]} 42. c3 {[%clk 00:57:25]} {[%emt 00:00:36]} Ke4
{[%clk 00:50:39]} {[%emt 00:00:15]} 43. Rf1 {[%clk 00:57:40]} {[%emt 00:00:14]}
Ke3 {[%clk 00:50:52]} {[%emt 00:00:18]} 44. Ng3 {[%clk 00:57:43]} {[%emt
00:00:25]} 1-0

[Event "ODJM C 2024"]
[Site "Willingen GER"]
[Date "2024.05.22"]
[Round "6"]
[White "Prokscha, Marlene"]
[Black "Nguyen, Oliver Dung"]
[Result "1-0"]
[Termination "normal"]
[Board "9"]
[WhiteElo "1230"]
[BlackElo "1017"]
[WhiteClock "00:55:24"]
[BlackClock "01:12:56"]
[PlyCount "98"]
[WhiteFideId "34631291"]
[BlackFideId "34664190"]
[EventCountry "GER"]
[EventRounds "9"]
[EventType "swiss"]
[EventDate "2024.05.18"]

1. d4 {[%clk 01:30:57]} {[%emt 00:00:02]} Nf6 {[%clk 01:30:56]} {[%emt
00:00:04]} 2. Nf3 {[%clk 01:31:02]} {[%emt 00:00:25]} d5 {[%clk 01:31:23]}
{[%emt 00:00:04]} 3. Bf4 {[%clk 01:31:20]} {[%emt 00:00:11]} e6 {[%clk
01:31:50]} {[%emt 00:00:04]} 4. e3 {[%clk 01:31:24]} {[%emt 00:00:25]} c5
{[%clk 01:32:17]} {[%emt 00:00:04]} 5. c3 {[%clk 01:30:41]} {[%emt 00:01:14]}
Nc6 {[%clk 01:32:41]} {[%emt 00:00:06]} 6. Nbd2 {[%clk 01:30:21]} {[%emt
00:00:49]} Nh5 {[%clk 01:32:37]} {[%emt 00:00:33]} 7. Be2 {[%clk 01:29:30]}
{[%emt 00:01:21]} Nxf4 {[%clk 01:32:14]} {[%emt 00:00:53]} 8. exf4 {[%clk
01:29:09]} {[%emt 00:00:51]} Bd6 {[%clk 01:30:36]} {[%emt 00:02:08]} 9. g3
{[%clk 01:29:04]} {[%emt 00:00:35]} Qb6 {[%clk 01:27:19]} {[%emt 00:03:48]} 10.
Qb3 {[%emt 00:04:47]} Qxb3 {[%clk 01:26:19]} {[%emt 00:00:01]} 11. Nxb3 {[%clk
01:26:22]} {[%emt 00:00:24]} b6 {[%clk 01:26:42]} {[%emt 00:00:07]} 12. Bb5
{[%clk 01:25:33]} {[%emt 00:01:18]} Bd7 {[%clk 01:24:18]} {[%emt 00:02:54]} 13.
dxc5 {[%clk 01:24:04]} {[%emt 00:02:00]} Bxc5 {[%clk 01:23:14]} {[%emt
00:01:33]} 14. Nxc5 {[%clk 01:24:08]} {[%emt 00:00:27]} bxc5 {[%clk 01:23:38]}
{[%emt 00:00:06]} 15. O-O-O {[%clk 01:17:27]} {[%emt 00:07:11]} Ne7 {[%clk
01:17:24]} {[%emt 00:06:44]} 16. Bxd7+ {[%clk 01:16:48]} {[%emt 00:01:09]} Kxd7
{[%clk 01:17:47]} {[%emt 00:00:07]} 17. c4 {[%clk 01:16:41]} {[%emt 00:00:36]}
Ke8 {[%clk 01:18:00]} {[%emt 00:00:17]} 18. cxd5 {[%clk 01:16:39]} {[%emt
00:00:32]} Nxd5 {[%clk 01:18:18]} {[%emt 00:00:13]} 19. Rhe1 {[%clk 01:15:21]}
{[%emt 00:01:48]} Rd8 {[%clk 01:18:16]} {[%emt 00:00:31]} 20. f5 {[%clk
01:15:03]} {[%emt 00:00:49]} Ke7 {[%clk 01:17:54]} {[%emt 00:00:51]} 21. fxe6
{[%clk 01:13:33]} {[%emt 00:02:00]} fxe6 {[%clk 01:18:11]} {[%emt 00:00:13]}
22. Ng5 {[%clk 01:11:58]} {[%emt 00:02:05]} Kf6 {[%clk 01:15:06]} {[%emt
00:03:33]} 23. Nxe6 {[%clk 01:10:42]} {[%emt 00:01:48]} Rde8 {[%clk 01:14:13]}
{[%emt 00:01:24]} 24. Rxd5 {[%clk 01:10:02]} {[%emt 00:01:10]} Rxe6 {[%clk
01:14:37]} {[%emt 00:00:06]} 25. Rxe6+ {[%clk 01:10:22]} {[%emt 00:00:10]} Kxe6
{[%clk 01:15:03]} {[%emt 00:00:04]} 26. Rxc5 {[%clk 01:10:08]} {[%emt
00:00:44]} Kd6 {[%clk 01:15:28]} {[%emt 00:00:05]} 27. Ra5 {[%clk 01:09:44]}
{[%emt 00:00:55]} Rf8 {[%clk 01:14:36]} {[%emt 00:01:21]} 28. f4 {[%clk
01:09:45]} {[%emt 00:00:29]} Rf7 {[%clk 01:15:01]} {[%emt 00:00:05]} 29. Kd2
{[%clk 01:09:54]} {[%emt 00:00:22]} Kc6 {[%clk 01:15:13]} {[%emt 00:00:17]} 30.
f5 {[%clk 01:08:37]} {[%emt 00:01:46]} Kb6 {[%clk 01:15:15]} {[%emt 00:00:28]}
31. Re5 {[%clk 01:08:43]} {[%emt 00:00:24]} a5 {[%clk 01:15:05]} {[%emt
00:00:40]} 32. a4 {[%clk 01:08:08]} {[%emt 00:01:06]} Rd7+ {[%clk 01:15:27]}
{[%emt 00:00:08]} 33. Kc3 {[%clk 01:08:00]} {[%emt 00:00:37]} Rc7+ {[%clk
01:15:46]} {[%emt 00:00:12]} 34. Kb3 {[%clk 01:07:58]} {[%emt 00:00:31]} Rd7
{[%clk 01:16:08]} {[%emt 00:00:08]} 35. Re3 {[%clk 01:05:05]} {[%emt 00:03:23]}
Kc5 {[%clk 01:15:47]} {[%emt 00:00:51]} 36. Re5+ {[%clk 01:04:53]} {[%emt
00:00:42]} Kb6 {[%clk 01:16:11]} {[%emt 00:00:07]} 37. Re2 {[%clk 01:03:39]}
{[%emt 00:01:42]} Kc5 {[%clk 01:16:35]} {[%emt 00:00:07]} 38. Kc3 {[%clk
01:03:44]} {[%emt 00:00:26]} Rc7 {[%clk 01:16:07]} {[%emt 00:00:58]} 39. Re6
{[%clk 01:01:15]} {[%emt 00:02:59]} Kd5+ {[%clk 01:16:21]} {[%emt 00:00:16]}
40. Kd3 {[%clk 01:00:57]} {[%emt 00:00:35]} Rb7 {[%clk 01:16:37]} {[%emt
00:00:27]} 41. Kc2 {[%clk 00:58:59]} {[%emt 00:02:27]} g6 {[%clk 01:16:39]}
{[%emt 00:00:28]} 42. Ra6 {[%clk 00:57:05]} {[%emt 00:02:25]} gxf5 {[%clk
01:16:00]} {[%emt 00:01:08]} 43. Rxa5+ {[%clk 00:56:46]} {[%emt 00:00:49]} Ke4
{[%clk 01:16:23]} {[%emt 00:00:07]} 44. Rc5 {[%clk 00:55:45]} {[%emt 00:01:31]}
f4 {[%clk 01:15:04]} {[%emt 00:01:49]} 45. gxf4 {[%clk 00:55:14]} {[%emt
00:01:02]} Kxf4 {[%clk 01:15:27]} {[%emt 00:00:06]} 46. h4 {[%clk 00:55:34]}
{[%emt 00:00:10]} Kg4 {[%clk 01:15:22]} {[%emt 00:00:36]} 47. h5 {[%clk
00:55:45]} {[%emt 00:00:19]} Rf7 {[%clk 01:15:01]} {[%emt 00:00:51]} 48. a5
{[%clk 00:55:27]} {[%emt 00:00:48]} Rf2+ {[%clk 01:15:07]} {[%emt 00:00:23]}
49. Kb3 {[%clk 00:55:24]} {[%emt 00:00:32]} Rf8 {[%clk 01:12:56]} {[%emt
00:02:43]} 1-0